[Event "URS-chT"]
[Site "Podolsk"]
[Date "1990.??.??"]
[Round "?"]
[White "Shabanov, Yuri"]
[Black "Serper, Grigory"]
[Result "1/2-1/2"]
[WhiteElo "2385"]
[BlackElo "2420"]

1.e4 c5 2.Nf3 d6 3.Bb5+ Bd7 4.Bxd7+ Nxd7 5.O-O Ngf6 6.Qe2 e6 7.b3 Be7 8.Bb2 O-O
9.c4 Re8 10.d4 cxd4 11.Nxd4 Qb6 12.Rd1 Nc5 13.Nc3 Rad8 14.Kh1 d5 15.cxd5 exd5
16.Nxd5 Nxd5 17.exd5 Bf6 18.Qc4 Ne4 19.Kg1 Qa5 20.Re1 Nd6 21.Rxe8+ Rxe8 22.Qc1 Rc8
23.Qe1 Qxd5 24.Rd1 Re8 25.Ne2 Qb5 26.Bxf6 gxf6 27.Rxd6 Qxe2 28.Qxe2 Rxe2
29.g3 Rxa2 30.Rxf6 Ra3 31.b4 Ra4 32.b5 Ra5 33.b6 a6 34.h4 Rb5 35.Rd6 Kf8
36.Kg2 Ke7 37.Rh6 a5 38.Rxh7 a4 39.Rh8 Rxb6 40.h5 Ra6 41.Rb8 a3 42.Rxb7+ Kf6
43.Rb1 a2 44.Ra1  1/2-1/2

[Event "URS-chT"]
[Site "Podolsk"]
[Date "1990.??.??"]
[Round "?"]
[White "Shabanov, Yuri"]
[Black "Skudnov, Sergej"]
[Result "1/2-1/2"]
[WhiteElo "2385"]
[BlackElo "2330"]

1.e4 c5 2.Nf3 d6 3.Bb5+ Nd7 4.d4 Nf6 5.Nc3 a6 6.Bxd7+ Nxd7 7.a4 b6 8.O-O Bb7
9.d5 Nf6 10.Be3 e6 11.Bg5 Be7 12.dxe6 fxe6 13.e5 dxe5 14.Nxe5 Qc7 15.Bxf6 Bxf6
16.Re1 Ke7 17.f4 g5 18.Qh5 Raf8 19.Rad1 gxf4 20.Nd7 Qxd7 21.Rxd7+ Kxd7  1/2-1/2

[Event "Prague Mladi op"]
[Site "Prague"]
[Date "1990.??.??"]
[Round "3"]
[White "Ulibin, Mikhail"]
[Black "Odeev, Handszar"]
[Result "1-0"]
[WhiteElo "2500"]
[BlackElo "2305"]

1.e4 c5 2.Nf3 d6 3.Bb5+ Bd7 4.Bxd7+ Qxd7 5.O-O Nc6 6.c3 e6 7.d4 d5 8.dxc5 dxe4
9.Qxd7+ Kxd7 10.Ng5 f5 11.Nf7 Bxc5 12.b4 Ke7 13.Nxh8 Bb6 14.Bb2 Ne5 15.c4 Nxc4
16.Bxg7 e5 17.Rc1 Rd8 18.Kf1 e3 19.fxe3 Nxe3+ 20.Ke2 Bd4 21.Rc7+ Kd6 22.Rc3 Rd7
23.Bxe5+ Kxe5 24.Rxe3+ Bxe3 25.Kxe3 Rd1 26.Ke2 Rg1 27.Kf2 Rd1 28.Ke2 Rg1
29.Nf7+ Kf6 30.Nd6 Rxg2+ 31.Kd3 Rg1 32.Nxb7 Ne7 33.Nc5 Nd5 34.a3 Rd1+ 35.Kc4 f4
36.Nb3 Ne3+ 37.Kc3 Rh1 38.N1d2 Rxh2 39.Kd3 Rh3 40.Ke4 Nc2 41.Ra2  1-0

[Event "Prestwich"]
[Site "Prestwich"]
[Date "1990.??.??"]
[Round "2"]
[White "Ulibin, Mikhail"]
[Black "Badea, Bela"]
[Result "1/2-1/2"]
[WhiteElo "2500"]
[BlackElo "2495"]

1.e4 c5 2.Nf3 d6 3.Bb5+ Bd7 4.Bxd7+ Nxd7 5.O-O Ngf6 6.Re1 e6 7.b3 Be7 8.Bb2 O-O
9.c4 Qc7 10.d4 cxd4 11.Nxd4 a6 12.Nc3 Rfe8 13.Kh1 Bf8 14.Rc1 Rac8 15.f4 g6
16.Qf3 Bg7 17.Rcd1 Qb8 18.Qh3 Rcd8 19.Ba3 Qc7 20.Nde2 Nc5 21.Qe3 b6 22.h3 Nh5
23.Rd2 Rb8 24.Red1 Red8 25.e5 dxe5 26.Rxd8+ Rxd8 27.Rxd8+ Qxd8 28.Bxc5 bxc5
29.fxe5 Bf8 30.g4 Ng7 31.Ne4 Be7 32.Nf4 Qd1+ 33.Kg2 Qa1  1/2-1/2

[Event "Prestwich"]
[Site "Prestwich"]
[Date "1990.??.??"]
[Round "3"]
[White "Quillan, Gary"]
[Black "Sherzer, Alex"]
[Result "0-1"]
[WhiteElo "2295"]
[BlackElo "2440"]

1.e4 c5 2.Nf3 d6 3.Bb5+ Nd7 4.d4 cxd4 5.Qxd4 a6 6.Bxd7+ Bxd7 7.Nc3 Nf6 8.Bg5 e6
9.O-O-O Bc6 10.e5 Bxf3 11.gxf3 Qa5 12.Bxf6 gxf6 13.exd6 Qe5 14.Qa4+ b5 15.d7+ Kd8
16.Qb3 Qf4+ 17.Kb1 Qb4 18.Ne4 Qxb3 19.axb3 Be7 20.Rhg1 f5 21.Ng5 Bxg5 22.Rxg5 Ke7
23.Rd2 h6 24.Rg1 Rhd8 25.Rgd1 Ra7 26.c4 Raxd7 27.Rxd7+ Rxd7 28.Rxd7+ Kxd7
29.Kc2 f4 30.Kc3 Kc6 31.Kb4 Kb6 32.Kc3 e5 33.h3 f5 34.h4 h5 35.Kd3 Kc5 36.Kc3 a5
37.Kd3 Kb4 38.cxb5 Kxb5 39.Kc3 Kc5 40.Kd3 Kb4 41.Kc2 e4  0-1

[Event "Rimavska Sobota"]
[Site "Rimavska Sobota"]
[Date "1990.??.??"]
[Round "1"]
[White "Pedzich, Dominik"]
[Black "Stohl, Igor"]
[Result "1/2-1/2"]
[WhiteElo "2405"]
[BlackElo "2530"]

1.e4 c5 2.Nf3 d6 3.Bb5+ Nd7 4.d4 Nf6 5.Nc3 cxd4 6.Qxd4 e5 7.Qd3 h6 8.Be3 a6
9.Bc4 b5 10.Bd5 Nxd5 11.Nxd5 Bb7 12.O-O Rc8 13.a4 bxa4  1/2-1/2

[Event "Rimavska Sobota"]
[Site "Rimavska Sobota"]
[Date "1990.??.??"]
[Round "3"]
[White "Pedzich, Dominik"]
[Black "Lechtynsky, Jiri"]
[Result "1/2-1/2"]
[WhiteElo "2405"]
[BlackElo "2430"]

1.e4 c5 2.Nf3 d6 3.Bb5+ Bd7 4.Bxd7+ Nxd7 5.O-O Ngf6 6.Re1 e6 7.b3 Be7 8.Bb2 O-O
9.Na3 a6 10.Nc4 b5 11.Nxd6 Bxd6 12.e5 Be7 13.exf6 gxf6  1/2-1/2

[Event "Rishon Le Ziyyon"]
[Site "Rishon Le Ziyyon"]
[Date "1990.??.??"]
[Round "?"]
[White "Manor, Ilan"]
[Black "Istratescu, Andrei"]
[Result "1/2-1/2"]
[WhiteElo "2450"]
[BlackElo "2330"]

1.e4 c5 2.Nf3 d6 3.Bb5+ Bd7 4.Bxd7+ Qxd7 5.O-O Nc6 6.c4 Nf6 7.Nc3 e6 8.d4 cxd4
9.Nxd4 Be7 10.b3 O-O 11.Bb2 b6 12.Qd3 Rfd8 13.Rad1 a6 14.a4 Qb7 15.Rfe1 Nd7
16.Qg3 Nxd4 17.Rxd4 Nc5 18.b4 Nd7  1/2-1/2

[Event "Rome op"]
[Site "Rome"]
[Date "1990.??.??"]
[Round "3"]
[White "Fedorov, Vladislav"]
[Black "Ubilava, Elizbar"]
[Result "0-1"]
[WhiteElo "2410"]
[BlackElo "2515"]

1.e4 c5 2.Nf3 d6 3.Bb5+ Bd7 4.Bxd7+ Nxd7 5.O-O Ngf6 6.Qe2 Rc8 7.d3 e6 8.Ng5 h6
9.Nh3 g6 10.c4 Bg7 11.Nc3 Ne5 12.f4 Nc6 13.Kh1 O-O 14.Be3 Nd7 15.Qd2 f5 16.Rae1 a6
17.Ng1 Nd4 18.Nf3 Nb8 19.Qf2 Nbc6 20.Qg3 Kh7 21.Qh3 Nxf3 22.Rxf3 Bd4 23.g4 Qf6
24.g5 Qg7 25.exf5 gxf5 26.Rg1 Rg8 27.Bxd4 Nxd4 28.Rfg3 b5 29.Qg2 Qd7 30.gxh6 Rxg3
31.Qxg3 Qf7 32.cxb5 axb5 33.a3 b4 34.Nd1 Ne2 35.Qg7+ Qxg7 36.Rxg7+ Kxh6 37.Rg2 Nxf4
38.Rd2 bxa3 39.bxa3 Ra8 40.d4 Rxa3 41.dxc5 dxc5 42.Kg1 Kg5 43.Kf2 Rh3 44.Kf1 e5
45.Rc2 Nd3  0-1

[Event "Salamanca"]
[Site "Salamanca"]
[Date "1990.??.??"]
[Round "9"]
[White "Rodriguez Vargas, Orestes"]
[Black "Romero Holmes, Alfonso"]
[Result "1/2-1/2"]
[WhiteElo "2500"]
[BlackElo "2460"]

1.e4 c5 2.Nf3 d6 3.Bb5+ Bd7 4.Bxd7+ Qxd7 5.c4 Nc6 6.Nc3 Ne5 7.d3 Nf6 8.O-O Nxf3+
9.Qxf3 g6 10.Be3 Rc8 11.Rac1 Bg7 12.Rfd1 O-O 13.h3  1/2-1/2

[Event "Wch Girls U20"]
[Site "Santiago"]
[Date "1990.??.??"]
[Round "?"]
[White "Fruteau, Sabine"]
[Black "Hernandez, Amelia"]
[Result "1/2-1/2"]
[WhiteElo "2040"]
[BlackElo "2030"]

1.e4 c5 2.Nf3 d6 3.Bb5+ Bd7 4.Bxd7+ Qxd7 5.O-O Nf6 6.Qe2 Nc6 7.c3 e6 8.d4 cxd4
9.cxd4 d5 10.e5 Ne4 11.Rd1 f6 12.Nc3 f5 13.Ng5 Nxg5 14.Bxg5 h6 15.Be3 Bb4
16.Nb5 O-O 17.h4 a6 18.Nc3 f4 19.Bc1 f3 20.Qd3 fxg2 21.Ne2 Qf7 22.Nf4 Ne7
23.h5 Nf5 24.Ng6 Nh4 25.Be3 Be7 26.f4 Rfc8 27.Rac1 Bd8 28.Bf2 Nf5 29.Rc2 Bb6
30.Rdc1 Rxc2 31.Rxc2 Qd7 32.Kxg2 Qa4 33.Qc3 Kf7 34.b3 Qa5 35.b4 Qa4 36.Nh4 Ne7
37.Qd3 Qd7 38.Kh2 Rc8 39.a3 Rxc2 40.Qxc2 Qc6  1/2-1/2

[Event "Wch U20"]
[Site "Santiago"]
[Date "1990.??.??"]
[Round "4"]
[White "Martens, Martin"]
[Black "Lutz, Christopher"]
[Result "1/2-1/2"]
[WhiteElo "2320"]
[BlackElo "2420"]

1.e4 c5 2.Nf3 d6 3.Bb5+ Bd7 4.Bxd7+ Nxd7 5.O-O Ngf6 6.Qe2 e6 7.b3 Be7 8.Bb2 O-O
9.c4 a6 10.Nc3 Re8 11.d4 cxd4 12.Nxd4 Bf8 13.Kh1 Qa5 14.Rad1 Ne5 15.f4 Ng6
16.f5 Ne5 17.fxe6 fxe6 18.Qe1 Kh8 19.Qh4 Rac8 20.Qh3 Neg4 21.Qg3 Qh5 22.h3 Ne5
23.Nf3  1/2-1/2

[Event "Wch U20"]
[Site "Santiago"]
[Date "1990.??.??"]
[Round "8"]
[White "Pedzich, Dominik"]
[Black "Shirov, Alexei"]
[Result "0-1"]
[WhiteElo "2405"]
[BlackElo "2500"]

1.e4 c5 2.Nf3 d6 3.Bb5+ Bd7 4.Bxd7+ Qxd7 5.O-O Nc6 6.c3 Nf6 7.d4 Nxe4 8.d5 Ne5
9.Nxe5 dxe5 10.Re1 Nd6 11.Rxe5 g6 12.Re1 Bg7 13.Na3 O-O 14.Bf4 b5 15.Qf3 Rfe8
16.Rad1 Rac8 17.Nc2 Nc4 18.b3 Nb6 19.Be5 Bxe5 20.Rxe5 Qd6 21.Ree1 c4 22.Rd4 Rc5
23.Ne3 cxb3 24.axb3 Rec8 25.Qg4 Rxc3 26.Nf5 Rc1 27.Re4 Qb4 28.Nxe7+ Kg7 29.Qe2 Rxe1+
30.Qxe1 Qxe4  0-1

[Event "Hungaroil"]
[Site "Siofok"]
[Date "1990.??.??"]
[Round "3"]
[White "O'Donnell, Tom"]
[Black "Gurevich, Vladimir"]
[Result "1/2-1/2"]
[WhiteElo "2415"]
[BlackElo "2450"]

1.e4 c5 2.Nf3 d6 3.Bb5+ Bd7 4.Bxd7+ Qxd7 5.O-O Nc6 6.c3 Nf6 7.Re1 e6 8.d4 cxd4
9.cxd4 d5 10.e5 Ne4 11.Nc3 Nxc3 12.bxc3 Be7 13.h4 Rc8 14.h5 Na5 15.h6 gxh6
16.Bxh6 Rg8 17.Qd2 Qd8 18.Rac1 Nc4  1/2-1/2

[Event "Hungaroil"]
[Site "Siofok"]
[Date "1990.??.??"]
[Round "8"]
[White "O'Donnell, Tom"]
[Black "Csom, Istvan"]
[Result "0-1"]
[WhiteElo "2415"]
[BlackElo "2485"]

1.e4 c5 2.Nf3 d6 3.Bb5+ Bd7 4.Bxd7+ Nxd7 5.O-O Ngf6 6.Qe2 e6 7.c3 Be7 8.d4 O-O
9.e5 Ne8 10.Bf4 Qc8 11.Nbd2 cxd4 12.cxd4 Nb6 13.Rac1 Qd7 14.Bg5 Bxg5 15.Nxg5 h6
16.Nge4 Rd8 17.Rc3 Nd5 18.Rg3 f5 19.exf6 Nexf6 20.Re1 Rc8 21.Nxf6+ Rxf6 22.Ne4 Rf5
23.h3 Rcf8 24.Rb3 Nf4 25.Qd2 Rd5 26.Qb4 b6 27.Kh2 e5 28.dxe5 dxe5 29.Ree3 Rd8
30.Rbc3 Kh8 31.Qc4 Rd4 32.Qc7 Qxc7 33.Rxc7 Nd5  0-1

[Event "Smederevska Palanka m"]
[Site "Smederevska Palanka"]
[Date "1990.??.??"]
[Round "3"]
[White "Ristic, Nenad"]
[Black "Alexandria, Nana"]
[Result "1-0"]
[WhiteElo "2415"]
[BlackElo "2360"]

1.e4 c5 2.Nf3 d6 3.Bb5+ Bd7 4.Bxd7+ Qxd7 5.O-O Nc6 6.c3 d5 7.exd5 Qxd5 8.d4 e6
9.Qe2 cxd4 10.cxd4 Nf6 11.Nc3 Qd6 12.Bg5 Nd5 13.Qb5 Nc7 14.Qb3 Qb4 15.Qc2 Be7
16.a3 Qd6 17.Rad1 h6 18.Ne4 Qd8 19.Bxe7 Nxe7 20.Rc1 Ncd5 21.Qa4+ Kf8 22.Ne5 g6
23.Qb3 b6 24.Qf3 Rh7 25.Rfd1 Kg8 26.g4 f5 27.Ng3 Qd6 28.Kh1 Rf8 29.gxf5 exf5
30.Rg1 Kh8 31.Rge1 h5 32.Ne4 Qb8 33.Ng5 Qd6 34.Nxh7 Kxh7 35.Nc4 Qd7 36.Re2 Nf6
37.Rce1 Ned5 38.Ne5 Qb7 39.Rg1 Rg8 40.Rc2 Ng4 41.h3 Nxe5 42.dxe5 Qf7 43.Rd1 Nc7
44.Rcd2 Kh6 45.Qf4+ g5 46.Rd6+ Rg6 47.Rxg6+ Qxg6 48.Qc4 Ne8 49.Rd7 h4 50.Rxa7 g4
51.Qf4+ Kh5 52.hxg4+ fxg4 53.Qf7  1-0

[Event "Sochi"]
[Site "Sochi"]
[Date "1990.??.??"]
[Round "?"]
[White "Shabanov, Yuri"]
[Black "Beshukov, Sergei"]
[Result "1-0"]
[WhiteElo "2375"]
[BlackElo "2335"]

1.e4 c5 2.Nf3 d6 3.Bb5+ Bd7 4.Bxd7+ Qxd7 5.O-O Nc6 6.c4 Nf6 7.Nc3 g6 8.d4 cxd4
9.Nxd4 Bg7 10.Nc2 O-O 11.b3 Rac8 12.Re1 Ng4 13.Bb2 f5 14.f3 Nf6 15.exf5 gxf5
16.Qd2 Kh8 17.Rad1 Rg8 18.Nd5 Nxd5 19.Bxg7+ Rxg7 20.cxd5 Ne5 21.Nd4 Rcg8
22.Re2 Qe8 23.Kh1 Qh5 24.Qf4 Ng6 25.Qxf5 Qh6 26.Ne6 Nh4 27.Qf4 Qxf4 28.Nxf4 Rc8
29.Ne6 Rgg8 30.Nd4 Rc5 31.g3 Ng6 32.Ne6 Rc3 33.f4 Rgc8 34.Kg2 Kg8 35.Kf2 Nf8
36.Nd4 R8c5 37.Nf5 Ng6 38.Nxe7+ Nxe7 39.Rxe7 Ra5 40.Rd2  1-0

[Event "Stara Zagora zt-B"]
[Site "Stara Zagora"]
[Date "1990.??.??"]
[Round "3"]
[White "Georgiev, Krum"]
[Black "Wojtkiewicz, Aleksander"]
[Result "1/2-1/2"]
[WhiteElo "2455"]
[BlackElo "2550"]

1.e4 c5 2.Nf3 d6 3.Bb5+ Nc6 4.O-O Bg4 5.c3 a6 6.Bxc6+ bxc6 7.d4 cxd4 8.cxd4 e6
9.Nc3 Nf6 10.Qa4 Qd7 11.Nd2 d5 12.Re1  1/2-1/2

[Event "Rilton Cup"]
[Site "Stockholm"]
[Date "1990.??.??"]
[Round "7"]
[White "Maier, Christian"]
[Black "Astrom, Robert"]
[Result "1/2-1/2"]
[WhiteElo "2330"]
[BlackElo "2295"]

1.e4 c5 2.Nf3 d6 3.Bb5+ Bd7 4.Bxd7+ Nxd7 5.O-O Ngf6 6.Re1 e6 7.b3 Be7 8.Bb2 O-O
9.d3 Ng4 10.h3 Nge5 11.Nxe5 Nxe5 12.Bxe5 dxe5 13.a4 Bd6 14.Qd2 Bc7 15.a5 Rc8
16.Ra4 f5 17.Qc3 Bb8 18.Nd2 f4 19.Nf3 Qd6 20.Rc4 Rc6 21.Ra1 Rfc8 22.Rca4 h6
23.Qe1 Kh7 24.Qe2 Rg8 25.Ng5+ Kg6 26.Nf3 Kh7 27.Nh2 Bc7 28.Kh1 Qd8 29.g3 fxg3
30.fxg3 Rf8 31.Kg2 Bd6 32.Rf1 Rc7 33.Rxf8 Qxf8 34.Ra1 Rf7 35.a6 b6 36.Ng4 Bc7
37.Nh2 Rf6 38.Nf3 Qe8 39.h4 Kg8 40.Nh2 Kh7 41.Ng4 Rf8 42.Ne3 Kg8 43.Qg4 Rf6
44.Rf1 Rxf1 45.Nxf1 Kh7 46.Nd2 Bd8 47.Nc4 Bc7 48.Nd2 Bd8 49.Nf3 Bf6 50.h5 Qf7
51.Nd2 Bd8 52.Nc4 Bc7 53.Nd2 Bd8 54.Nf3 Bf6 55.Nh2 Bg5 56.Nf3 Bf6  1/2-1/2

[Event "Toronto1"]
[Site "Toronto"]
[Date "1990.??.??"]
[Round "5"]
[White "O'Donnell, Tom"]
[Black "Nickoloff, Bryon"]
[Result "1/2-1/2"]
[WhiteElo "2410"]
[BlackElo "2435"]

1.e4 c5 2.Nf3 d6 3.Bb5+ Bd7 4.Bxd7+ Qxd7 5.O-O Nc6 6.d4 cxd4 7.Nxd4 g6 8.c4 Bg7
9.Be3 Nf6 10.f3 O-O 11.Nc3 e6 12.Qd2 Rfd8 13.Rfd1 Qe7 14.Qe2 d5 15.cxd5 exd5
16.exd5 Nxd5 17.Nxc6 bxc6 18.Bd4 Bxd4+ 19.Rxd4 Qf6 20.Rad1  1/2-1/2

[Event "Toronto1"]
[Site "Toronto"]
[Date "1990.??.??"]
[Round "8"]
[White "O'Donnell, Tom"]
[Black "Tukmakov, Vladimir B"]
[Result "1/2-1/2"]
[WhiteElo "2410"]
[BlackElo "2570"]

1.e4 c5 2.Nf3 d6 3.Bb5+ Nd7 4.d4 Nf6 5.e5 Qa5+ 6.Nc3 Ne4 7.Bd2 Nxc3 8.Bxd7+ Bxd7
9.Bxc3 Qa6 10.Qd2 O-O-O 11.a3 Bc6 12.Qe3 dxe5 13.dxe5 Qc4 14.Rd1 Qe4 15.Rxd8+ Kxd8
16.O-O Qxe3 17.fxe3 h6 18.e6 Bxf3 19.Rxf3 fxe6 20.Rf4 Rg8 21.Rc4 g6 22.Rxc5 Bg7
23.Bd4 Kd7 24.Kf2 Rf8+ 25.Ke2 Bxd4 26.exd4 Rf5 27.c4 Rf4 28.Ke3 Rf1 29.Rb5 b6
30.a4 Rc1 31.a5 Rxc4 32.axb6 axb6 33.Rxb6 Rc2 34.Rb7+ Ke8 35.Kf3 Rd2 36.Rb4 Kd7
37.h3 Kd6 38.Rb8 Kd7 39.Rg8 Rd3+ 40.Kf2 Rd2+ 41.Kg1 g5 42.Rg6 Rxb2 43.Rxh6 g4
44.hxg4 Rd2 45.g5 Rxd4 46.g6 e5 47.Rh5 Rg4 48.Rxe5  1/2-1/2

[Event "Val Maubuee op"]
[Site "Val Maubuee"]
[Date "1990.??.??"]
[Round "?"]
[White "Belkhodja, Slim"]
[Black "Kupreichik, Viktor D"]
[Result "1/2-1/2"]
[WhiteElo "2400"]
[BlackElo "2490"]

1.e4 c5 2.Nf3 d6 3.Bb5+ Nc6 4.O-O Bd7 5.Re1 a6 6.Bxc6 Bxc6 7.d4 cxd4 8.Nxd4 Nf6
9.Nc3 e6 10.Bg5 Be7 11.Nxc6 bxc6 12.Qe2 h6 13.Bh4 d5 14.Rad1 Nxe4 15.Bxe7 Nxc3
16.Qe5 Qxe7 17.Qxg7 Nxd1 18.Qxh8+ Qf8 19.Qxf8+ Kxf8 20.Rxd1 a5 21.Rd3 c5
22.Kf1 a4 23.Ra3 Ke7 24.Ke2 Kd6 25.f4 c4 26.b3 Kc5 27.g4 h5 28.bxc4 hxg4
29.cxd5 exd5 30.h3 Re8+ 31.Kd2 gxh3 32.Rxh3 Re4 33.f5 Rf4 34.a3 Rxf5 35.Rh4 d4
36.Rh6 Rf2+ 37.Kd3 Rf3+ 38.Kd2 f6 39.Ke2 Rf5 40.Rh8 Kc4 41.Rc8+ Rc5 42.Ra8 Kd5
43.Kd2 Rc4 44.Rd8+ Ke4 45.Re8+ Kf4 46.Kd3 Rc3+ 47.Kxd4 Rxc2 48.Kd3 Rc7 49.Re4+ Kg3
50.Rxa4 f5 51.Ra8 f4 52.a4 f3 53.Rf8 f2 54.a5 Rc8 55.Rf7 Rc6 56.Rf8 Kg2 57.Rg8+ Kf1
58.Rf8 Ra6 59.Rf5 Kg2 60.Rg5+ Kf3 61.Rf5+ Kg3 62.Ke3 Re6+ 63.Kd4 Rc6 64.Ke3 Rc3+
65.Ke2 Rc2+ 66.Ke3 Kg2 67.Rg5+ Kf1 68.Kd3 Ra2 69.Kc4 Ke2 70.Re5+ Kf3 71.Rf5+ Kg4
72.Rxf2 Rxf2 73.a6 Kf5 74.Kc5 Ke6 75.a7 Ra2 76.Kb6 Kd7 77.Kb7  1/2-1/2

[Event "Vienna op"]
[Site "Vienna"]
[Date "1990.??.??"]
[Round "8"]
[White "Dueckstein, Andreas"]
[Black "Ciolac, Gheorghe"]
[Result "1/2-1/2"]
[WhiteElo "2380"]
[BlackElo "2340"]

1.e4 c5 2.Nf3 d6 3.Bb5+ Bd7 4.Bxd7+ Nxd7 5.d4 cxd4 6.Qxd4 Ngf6 7.Nc3 e6 8.O-O a6
9.b3 Be7 10.Bb2 Qc7 11.a4 O-O 12.Rfe1 Ne5 13.Rad1 Rfd8 14.Qe3 Nc6 15.h3 Nb4
16.Rd2 Rac8 17.Ree2 h6 18.Qf4 Qa5 19.e5 dxe5 20.Nxe5 Qc7 21.Ne4 Rxd2 22.Rxd2 Nbd5
23.Qf3 Bb4 24.Nxf6+ Nxf6 25.Re2 Rd8 26.Nd3 Be7 27.Be5 Qc8 28.g3 Rd5 29.Kg2 Nd7
30.Bb2 Rf5 31.Qe4 Bf6 32.g4 Rg5 33.Bc1 Rd5 34.Qf3 Bg5 35.Bb2 Bf6 36.Bc1 b5
37.axb5 axb5 38.Nf4 Rd1 39.Nd3 Bg5 40.Bb2 Rb1 41.Bd4 Nf8 42.Ne5 f6 43.Nc6 Qd7
44.Qe4 e5 45.Bc3 Ne6 46.Re1 Rxe1 47.Bxe1 h5 48.Kf1 Kh8 49.Nb4 Nf4 50.Qf3 Qe8
51.gxh5 f5 52.Bd2 Qd7 53.Bxf4 Bxf4 54.Qd5 Qe8  1/2-1/2

[Event "Voskresensk"]
[Site "Voskresensk"]
[Date "1990.??.??"]
[Round "?"]
[White "Tseitlin, Mikhail S"]
[Black "Mohr, Georg"]
[Result "1/2-1/2"]
[WhiteElo "2465"]
[BlackElo "2450"]

1.e4 c5 2.Nf3 d6 3.Bb5+ Bd7 4.Bxd7+ Nxd7 5.O-O Ngf6 6.Re1 e6 7.d4 cxd4 8.Nxd4 Be7
9.c4 O-O 10.Nc3 a6 11.b3 Re8 12.Bb2 g6 13.Qd2 Bf8 14.h3 Rc8 15.Rad1 Qc7 16.Kh1 Qb8
17.Kg1 Nc5 18.Nf3 b5 19.e5 dxe5 20.Nxe5 b4 21.Ne2 Nfe4 22.Qf4 f6 23.Nd7 Qxf4
24.Nxf4 Nxd7 25.Rxe4 Nc5 26.Ree1 Kf7 27.Nd3 Nxd3 28.Rxd3 Rcd8 29.Red1 Rxd3
30.Rxd3 Bc5 31.Rd7+ Re7 32.Rd8 e5 33.Kf1 Re8 34.Rd5 Rc8 35.Ke2 Ke6 36.Bc1 Rc6
37.g4 Be7 38.Be3 Rd6 39.Rc5 Rd7 40.Ra5 Rd6 41.Bc5 Rc6 42.Bxe7 Kxe7 43.g5 Ke6
44.gxf6 Kxf6 45.Ra4 Rb6 46.c5 Rc6 47.Rxb4 Rxc5 48.Rb6+ Kf5 49.Rxa6 Rc2+ 50.Kf1 Rc1+
51.Kg2 e4 52.b4 Rc2 53.Ra3 Rb2 54.Rb3 Rxa2 55.Kg3 Ra6 56.b5 Rb6 57.h4 h5  1/2-1/2

[Event "Voskresensk"]
[Site "Voskresensk"]
[Date "1990.??.??"]
[Round "?"]
[White "Ulibin, Mikhail"]
[Black "Neverov, Valeriy"]
[Result "1-0"]
[WhiteElo "2500"]
[BlackElo "2505"]

1.e4 c5 2.Nf3 d6 3.Bb5+ Bd7 4.Bxd7+ Nxd7 5.O-O Ngf6 6.Qe2 e6 7.b3 Be7 8.Bb2 O-O
9.c4 a6 10.d4 cxd4 11.Nxd4 Re8 12.Nc3 Rc8 13.Rad1 Bf8 14.Kh1 g6 15.f4 Rc5
16.Nf3 Qb8 17.e5 dxe5 18.b4 Rc7 19.fxe5 Ng4 20.Ne4 Bg7 21.Nd6 Rf8 22.h3 Nh6
23.g4 b6 24.Qe1 Qa8 25.Kg1 Kh8 26.Qh4 Qc6 27.Bc1 Ng8 28.Ng5 Nh6 29.Nxh7 Kxh7
30.Bxh6 Kg8 31.Bxg7 Kxg7 32.Nxf7 Rxf7 33.Rxf7+ Kxf7 34.Rf1+ Kg7 35.Qe7+ Kh6
36.Rf7 Nf6 37.Qf8+ Kg5 38.Rxc7 Qxc7 39.Qxf6+ Kh6 40.h4  1-0

[Event "POL-ch"]
[Site "Warsaw"]
[Date "1990.??.??"]
[Round "8"]
[White "Pedzich, Dominik"]
[Black "Zolnierowicz, Krzysztof"]
[Result "1-0"]
[WhiteElo "2405"]
[BlackElo "2400"]

1.e4 c5 2.Nf3 d6 3.Bb5+ Nd7 4.d4 Nf6 5.Nc3 a6 6.Bxd7+ Nxd7 7.O-O e6 8.Bg5 Qc7
9.Re1 f6 10.Bf4 cxd4 11.Nxd4 Ne5 12.Qh5+ Qf7 13.Qe2 g5 14.Be3 Bd7 15.a4 Be7
16.Ra3 Rc8 17.Rb3 Rc7 18.Rd1 O-O 19.f4 gxf4 20.Bxf4 Kh8 21.Kh1 Rg8 22.h3 Bc8
23.Bh2 Rc5 24.Rb4 Qg6 25.Rg1 Nf7 26.Nd1 Rh5 27.Rc4 Rc5 28.Nf2 Bd7 29.Rb4 Bc8
30.Rb3 Rg5 31.Nd3 e5 32.Nf5 Bxf5 33.exf5 Qxf5 34.Rxb7 Re8 35.Nb4 e4 36.Qc4 Rg7
37.Nd5 Ne5 38.Bxe5 Qxe5 39.Rf1 Bf8 40.Nxf6 Rxb7 41.Qg8+  1-0

[Event "Werfen op"]
[Site "Werfen"]
[Date "1990.??.??"]
[Round "6"]
[White "Janovsky, Sergey"]
[Black "Dokhoian, Yury"]
[Result "1/2-1/2"]
[WhiteElo "2385"]
[BlackElo "2540"]

1.e4 c5 2.Nf3 d6 3.Bb5+ Bd7 4.Bxd7+ Qxd7 5.O-O Nc6 6.c3 Nf6 7.Re1 e6 8.d4 cxd4
9.cxd4 d5 10.e5 Ne4 11.Nbd2 Nxd2 12.Bxd2 Be7 13.Bg5 O-O 14.Bxe7 Nxe7 15.Qd3  1/2-1/2

[Event "Wiesbaden op"]
[Site "Wiesbaden"]
[Date "1990.??.??"]
[Round "?"]
[White "Zimmermann, Frank"]
[Black "Abel, Lajos"]
[Result "1/2-1/2"]
[WhiteElo "2240"]
[BlackElo "2305"]

1.e4 c5 2.Nf3 d6 3.Bb5+ Nd7 4.O-O a6 5.Bxd7+ Qxd7 6.d4 cxd4 7.Qxd4 Nf6 8.Bg5 e5
9.Qd3 Qc7 10.Nc3 Be6 11.Rfd1 Rc8 12.Rac1 Nd7 13.Nd5 Qc4 14.Qxc4 Rxc4 15.b3 Rc6
16.c4 f6 17.Be3 Be7 18.Ne1 Kf7 19.f3 g6 20.Nd3 Bxd5 21.cxd5 Rcc8 22.Nb2 f5
23.Nc4 fxe4 24.fxe4 b5 25.Nb2 Nf6 26.Rf1 Kg7 27.Bg5 Nxd5 28.Bxe7 Nxe7 29.Rfd1 Rxc1
30.Rxc1 Rc8 31.Rxc8 Nxc8 32.Nd3 a5 33.Kf2 Kf6 34.Ke3 Ke6 35.Nf2 Ne7 36.Kd3 d5
37.a4 bxa4 38.bxa4 Kd6 39.Kc3 Nc6 40.exd5 Kxd5 41.Ng4 h5 42.Nf6+ Ke6 43.Ne4 Kf5
44.Nd6+ Kf4 45.Kd3 h4 46.Ke2 Nd4+ 47.Kf2 Nc6 48.Ke2 Nb4 49.Nc4 Nd5 50.Nxa5 Nb6
51.Nb3 Nxa4 52.Nd2 Nc5 53.Nf3 g5 54.g3+ hxg3 55.hxg3+ Kf5 56.Ke3 Nd7 57.Nh2 Nf6
58.Kf3 Ng4 59.Nf1 e4+ 60.Ke2 Ke5 61.Nd2 Nf6 62.Nc4+ Kd4 63.Ne3 Nd5 64.Ng4 Nc3+
65.Kd2 Nd5 66.Ke2 Nc7 67.Nf6 Ne6 68.Ng4 Ng7 69.Nf6 Ke5 70.Ng4+ Kf5 71.Nf2 Ne8
72.Ke3 Nf6 73.Kd4 g4 74.Nd1 Kg6 75.Ne3 Kg5 76.Ke5 Nh5 77.Kxe4 Nxg3+ 78.Ke5  1/2-1/2

[Event "Wiesbaden op"]
[Site "Wiesbaden"]
[Date "1990.??.??"]
[Round "?"]
[White "Zimmermann, Frank"]
[Black "Videki, Sandor"]
[Result "1/2-1/2"]
[WhiteElo "2240"]
[BlackElo "2405"]

1.e4 c5 2.Nf3 d6 3.Bb5+ Nc6 4.O-O a6 5.Bxc6+ bxc6 6.Re1 Bg4 7.h3 Bxf3 8.Qxf3 e6
9.d3 Ne7 10.Qg3 Ng6 11.Bg5 Qd7 12.Na3 h6 13.Bd2 Be7 14.Bc3 O-O 15.Nc4 Rab8
16.Rf1 e5 17.Qg4 Rfd8 18.g3 Qxg4 19.hxg4 f6 20.Ne3 d5 21.Nf5 Rd7 22.b3 Bd8
23.Rfd1 Bb6 24.Kf1 Rbd8 25.Ke2 Nf8 26.Rab1 Ne6 27.f3 Kf7 28.Rh1 Nc7 29.a4 Ne6
30.Rbd1 Ng5 31.Nh4 Ne6 32.Nf5 Bc7  1/2-1/2

[Event "Wiesbaden op"]
[Site "Wiesbaden"]
[Date "1990.??.??"]
[Round "?"]
[White "Doery, Jeno"]
[Black "Womacka, Mathias"]
[Result "0-1"]
[WhiteElo "2355"]
[BlackElo "2405"]

1.e4 c5 2.Nf3 d6 3.Bb5+ Nd7 4.d4 Nf6 5.Nc3 cxd4 6.Qxd4 e5 7.Qd3 h6 8.a4 Be7
9.O-O O-O 10.Be3 Nb8 11.Bc4 Nc6 12.Bb3 Be6 13.Rfd1 Rc8 14.Rac1 a6 15.Nd5 Bxd5
16.Bxd5 Nb4 17.Qb3 Nbxd5 18.exd5 Qd7 19.c4 Ng4 20.a5 Nxe3 21.fxe3 Rc5 22.Qa2 Rfc8
23.b4 R5c7 24.h3 Kh8 25.Qb3 f5 26.Rc2 Bf6 27.Rdc1 e4 28.Nd4 Bxd4 29.exd4 f4
30.c5 e3 31.cxd6 Rxc2 32.Rxc2 Re8 33.Re2 Qxd6 34.Qd3 Qxd5 35.g3 f3 36.Rxe3 Rf8
37.Qe4 f2+ 38.Kf1 Qc4+  0-1

[Event "EU-ch U20"]
[Site "Aalborg"]
[Date "1991.??.??"]
[Round "?"]
[White "Pedzich, Dominik"]
[Black "Hansen, Carsten"]
[Result "1/2-1/2"]
[WhiteElo "2400"]
[BlackElo "2300"]

1.e4 c5 2.Nf3 d6 3.Bb5+ Bd7 4.Bxd7+ Nxd7 5.O-O Ngf6 6.Qe2 e6 7.c3 Be7 8.d4 O-O
9.Rd1 Qc7 10.Bg5 h6 11.Bh4 Rfe8 12.Na3 Rad8 13.h3 a6 14.Rac1 b5 15.Nb1 c4
16.Bg3 Qc6 17.Nbd2 d5 18.e5 Nh7 19.Nh2 b4 20.Bf4 a5 21.Qh5 Ndf8 22.b3 Ng6
23.Be3 Rc8 24.Qe2  1/2-1/2

[Event "Acasusso op"]
[Site "Acasusso"]
[Date "1991.??.??"]
[Round "1"]
[White "Benko, Francisco"]
[Black "Bronstein, Luis"]
[Result "0-1"]
[WhiteElo "2260"]
[BlackElo "2370"]

1.e4 c5 2.Nf3 d6 3.Bb5+ Bd7 4.Bxd7+ Nxd7 5.O-O Ngf6 6.d3 e6 7.c4 Be7 8.Nc3 Rc8
9.Qe2 a6 10.Ne1 Ne5 11.f4 Nc6 12.g4 h6 13.Qg2 g5 14.fxg5 hxg5 15.h3 Nd7 16.Ne2 Bf6
17.Nf3 Nde5 18.Nxe5 Bxe5 19.Be3 f6 20.Rad1 Qb6 21.b3 Rc7 22.Ng3 Nd4 23.Nh5 Rf7
24.Rd2 Qa5 25.Rdf2 Rhf8 26.Bd2 Qxa2 27.Bxg5 Qxf2+ 28.Rxf2 fxg5 29.Rxf7 Rxf7
30.h4 Nf3+ 31.Kh1 Nxh4 32.Qe2 Rf3  0-1

[Event "Acasusso op"]
[Site "Acasusso"]
[Date "1991.??.??"]
[Round "5"]
[White "Spangenberg, Hugo"]
[Black "Markeluk, Sergio"]
[Result "1-0"]
[WhiteElo "2220"]
[BlackElo "2375"]

1.e4 c5 2.Nf3 d6 3.Bb5+ Bd7 4.Bxd7+ Nxd7 5.O-O Ngf6 6.Re1 e6 7.c4 Ne5 8.d3 Be7
9.a3 O-O 10.b4 Nfd7 11.Nxe5 dxe5 12.Qb3 cxb4 13.axb4 a5 14.Rxa5 Rxa5 15.bxa5 Nc5
16.Qc3 Nxd3 17.Rd1 Nxc1 18.Rxc1 Qc7 19.Nd2 Bg5 20.Rc2 h6 21.h3 Ra8 22.Nb3 Rd8
23.c5 h5 24.h4 Bxh4 25.c6 bxc6 26.g3 Bg5 27.Qxc6 Qb8 28.Rc3 h4 29.a6 hxg3
30.Rxg3 Bf4 31.Rc3 g6 32.Kg2 Kg7 33.Nc5 Rh8 34.Qb7 Rh2+ 35.Kg1 Qd6 36.Nd3 Qd4
37.Qb4 Qd8 38.Nxf4 Qh4 39.Nxe6+ Kf6 40.Rf3+ Kxe6 41.Qc4+  1-0